A bird's eye view (Record no. 6351)

MARC details
000 -LEADER
fixed length control field 01151 a2200241 4500
005 - DATE AND TIME OF LATEST TRANSACTION
control field 20080827171144.0
008 - FIXED-LENGTH DATA ELEMENTS--GENERAL INFORMATION
fixed length control field 080827t xxu||||| |||| 00| 0 eng d
010 ## - LIBRARY OF CONGRESS CONTROL NUMBER
LC control number ENG-87328-29
020 ## - INTERNATIONAL STANDARD BOOK NUMBER
International Standard Book Number 8178241706 (set)
Terms of availability 1495.00 (set)
035 ## - SYSTEM CONTROL NUMBER
System control number EN-70861-62
037 ## - SOURCE OF ACQUISITION
Source of stock number/acquisition DBAD / PUB
082 ## - DEWEY DECIMAL CLASSIFICATION NUMBER
Classification number 598
245 ## - TITLE STATEMENT
Title A bird's eye view
Remainder of title the collected essays and shorter writings of Salim Ali
Statement of responsibility, etc edited by Tara Gandhi
260 ## - PUBLICATION, DISTRIBUTION, ETC. (IMPRINT)
Place of publication, distribution, etc Delhi
Name of publisher, distributor, etc Permanent Black
Date of publication, distribution, etc 2007
270 ## - ADDRESS
Address D-28, Oxford Apartmeants, 11, I.P.Extension
City Delhi
Postal code 100 092
300 ## - PHYSICAL DESCRIPTION
Extent 2 V. (xix, 437p.; xi, 429p.)
Dimensions 22cm (Hb)
490 ## - SERIES STATEMENT
Series statement Permanent Black nature, culture, conservation series/edited by Mahesh Rangarajan and K. Ullas Karanth
500 ## - GENERAL NOTE
General note Includes index, this book published in 2 vols.& set price is 1495.00
700 ## - ADDED ENTRY--PERSONAL NAME
Personal name Gandhi, Tara
942 ## - ADDED ENTRY ELEMENTS (KOHA)
Institution code [OBSOLETE] dpl
Koha item type English Books
Call number prefix 598 / BIR
Source of classification or shelving scheme Dewey Decimal Classification
Classification part 598
Call number suffix BIR
Holdings
Withdrawn status Lost status Damaged status Not for loan Home library Current library Date acquired Cost, normal purchase price Total Checkouts Total Renewals Full call number Barcode Date last seen Copy number Uniform Resource Identifier Cost, replacement price Price effective from Koha item type
        D.B.Act.Division D.B.Act.Division 27/08/2008 1495.00     598 BIR EN-70861 15/09/2008 1 6839 1495.00 15/09/2008 English Books
        D.B.Act.Division D.B.Act.Division 27/08/2008 1495.00     598 BIR EN-70862 15/09/2008 1 6840 1495.00 15/09/2008 English Books

© Delhi Public Library
Hit Counter
free hit counter